Box Office & Critical Hit Films - Statistics

General Stats
  • This quiz has been taken 65 times
  • The average score is 9 of 20
Answer Stats
Year Box Office IMDb Rotten
Tomatoes
Keyword Answer % Correct
2012 $1.52 B (11th) 8.0 91% Marvel The Avengers
92%
2019 $2.92 B (2nd) 8.4 80% Heroes Retire Avengers: Endgame
83%
2018 $2.05 B (5th) 8.4 85% Snap Avengers: Infinity War
82%
2010 $1.07 B (38th) 8.3 97% Pixar Repeat Toy Story 4
65%
2001 $898 M (70th) 8.8 91% Peter Jackson The Lord of the Rings:The Fellowship of the Ring
58%
2011 $1.34 B (16th) 8.1 96% The Little Magic Boy Harry Potter and the Deathly Hallows:Part 2
53%
2021 $1.92 B (6th) 8.2 93% Multiverse Spider-Man: No Way Home
50%
2008 $1.01 B (50th) 9.0 94% "Serious" Film The Dark Knight
45%
2022 $1.49 B (12th) 8.3 96% Sequel: 36Years Later Top Gun: Maverick
43%
2016 $1.02 B (47th) 8.0 98% AnimalChinatown Zootopia
42%
2015 $859 M (83rd) 82 98% Pixar Brain Inside Out
38%
2003 $1.15 B (27th) 9.0 93% Ghost Army Lord of the Rings:The Return of the King
35%
1994 $968 M (55th) 8.5 93% Hamlet The Lion King
30%
1993 $1.11 B (31st) 8.2 91% Pre-Blue Jurassic Park
28%
2012 $1.08 B (34th) 8.4 87% Hero Retires The Dark Knight Rises
28%
2017 $807 M (96th) 8.4 97% A PixarAfterlife Coco
27%
2010 $837 M (87th) 8.8 87% Confused? Inception
25%
2002 $948 M (61st) 8.8 95% Grey to White The Lord of the Rings:The Two Towers
25%
2003 $940 M (63rd) 8.2 99% Under Da Sea Finding Nemo
23%
2016 $783 M (107th) 8.0 85% IrreverentMarvel Deadpool
18%
No matching quizzes found
Score Distribution
Percent of People with Each Score
Percentile by Number Answered
Your Score History
You have not taken this quiz